| 000 | 00646nam a2200133Ia 4500 | ||
|---|---|---|---|
| 008 | 171212s9999 xx 000 0 und d | ||
| 020 | _a9780833080035 | ||
| 100 | _aCordova, Amado;Keller, Kirsten M.;Menthe, Lance;Rhodes, Carl | ||
| 245 |
_cCordova, Amado;Keller, Kirsten M.;Menthe, Lance;Rhodes, Carl _aVirtual Collaboration for a Distributed Enterprise |
||
| 260 |
_bRAND Corporation _c2013 |
||
| 650 | _aCommunications, Military -- United States; Virtual work teams -- United States; Military intelligence -- United States; Teleconferencing -- United States | ||
| 650 | _aTechnology | ||
| 856 | _uhttp://www.jstor.org/stable/10.7249/j.ctt5hhw1p | ||
| 999 |
_c352803 _d352803 |
||